| 000 | 01149nam a22002777a 4500 | ||
|---|---|---|---|
| 003 | dpl | ||
| 005 | 20180712135017.0 | ||
| 008 | 180712b xxu||||| |||| 00| 0 eng d | ||
| 010 | _aA-963162 | ||
| 020 | _c70.00 | ||
| 035 | _aA-963162,A-963184 | ||
| 037 | _bCen Lib/Ret | ||
| 040 |
_aDPL _bHN _c0 |
||
| 082 |
_aउ _bशर्माके |
||
| 100 |
_aशर्मा, केशवदेव _968282 |
||
| 245 |
_aअहसास / _cकेशवदेव शर्मा |
||
| 246 |
_aAhsaas / _bby Keshavdev Sharma |
||
| 260 |
_aदिल्ली _bनीरज बुक सेंटर _c1998 |
||
| 270 |
_aआर्यनगर ग्रुप हाउसिंग सोसाइटी(प्लाट नं.91) फ्लैट नं.सी.-32, पटपड़गंज _bदिल्ली _e110092 |
||
| 300 |
_a80पृ. _c20सेमी(सजिल्द) |
||
| 650 |
_aहिन्दी साहित्य _968283 |
||
| 650 |
_aहिन्दी -- उपन्यास _968284 |
||
| 650 |
_aHindi literature _968285 |
||
| 650 |
_aHindi -- Fiction _927248 |
||
| 942 |
_2ddc _cHN _hउ _mशर्माके |
||
| 999 |
_c116782 _d116782 |
||